Dignóstico de Rorschach.

Gardado en:
Detalles Bibliográficos
Autor Principal: Rorschach, Hermann (autor)
Outros autores: Schachter, M (autor), Klopter, B (autor), Alvarez, Armando Alonso (autor), Bates Ames, Louise (autora), Steinberger, Daniella P. (autora)
Formato: Unknown
Publicado: Barcelona, España: Dwarf, 2021.
Edición:Primera edición.
Subjects:
Tags: Engadir etiqueta
Sen Etiquetas, Sexa o primeiro en etiquetar este rexistro!

MARC

LEADER 00000 a2200000 4500
003 CL-VaPUC
005 20230928132715.0
008 221221t2021 ||||| |||| 00| 0 eng d
999 |c 439755  |d 439753 
020 |a 978-84-81758-145-3 
020 |a 978-84-81758-194-9 (glosario) 
040 |c Pontificia Universidad Católica de Valparaíso 
082 |a 155.284 ROR 2021  |2 22 
100 1 |a Rorschach, Hermann  |e autor  |9 879497 
245 |a Dignóstico de Rorschach.  
250 |a Primera edición. 
260 |a Barcelona, España:  |b Dwarf,  |c 2021. 
300 |a 59 páginas +  |e 3 cuadernillos y 10 láminas a color y blanco y negro.  
500 |a Incluye. 10 Láminas Originales de 18.5 x 25 cm. Impresas en Suiza. - Manual: Autor Hermann Rorschach. - Láminas Auxiliares para la Localización. - Formulario del Sumario Estructural desarrollado por John E. Exner, Jr., para el Sistema Comprehensivo del Rorschach. - Psicodiagnóstico de Rorschach. Guía para la Aplicación según la Técnica de Klopfer. - Diagnóstico Rorschach de la Personalidad. - Lista de Puntajes - Hoja de Tabulación - RepresentaciónGráfica. - Tabla para el Cálculo de Porcentajes. 
583 |c 20221221 
650 0 |a Psicodiágnóstico  |9 312779  |x Test psicológicos  
650 0 |a Test de Rorschach  |9 310418 
650 0 |a Tests psicológicos   |9 308644 
700 |a Schachter, M  |e autor  |9 879500 
700 |a Klopter, B  |e autor  |9 879501 
700 |a  Alvarez, Armando Alonso  |e autor  |9 879502 
700 |a Bates Ames, Louise  |e autora  |9 879503 
700 |a Steinberger, Daniella P.  |e autora  |9 879504 
942 |2 ddc  |c BK 
952 |0 0  |1 0  |2 ddc  |4 0  |6 155_284000000000000_ROR_2021  |7 0  |8 R  |9 588412  |a BIBEDU  |b BIBEDU  |c MCIRC  |d 2022-12-21  |e 92  |g 398174.00  |i 5656191  |o 155.284 ROR 2021  |p 5656191  |r 2022-12-21  |t 1  |v 398174.00  |w 2022-12-21  |y BK_R  |k PSI 
952 |0 0  |1 0  |2 ddc  |4 0  |6 155_284000000000000_ROR_2021  |7 0  |8 R  |9 588413  |a BIBEDU  |b BIBEDU  |c MCIRC  |d 2022-12-21  |e 92  |g 398174.00  |i 5656192  |l 1  |o 155.284 ROR 2021  |p 5656192  |r 2023-09-22  |s 2023-09-21  |t 2  |v 398174.00  |w 2022-12-21  |y BK_R  |k PSI